La venida del Mesías en gloria y majestad
Uloženo v:
| Hlavní autor: | |
|---|---|
| Médium: | Kniha |
| Jazyk: | španělština |
| Vydáno: |
Santiago
Universitaria
1969
|
| Edice: | Colección Escritores Coloniales de Chile, 4
|
| Témata: | |
| Tagy: |
Přidat tag
Žádné tagy, Buďte první, kdo vytvoří štítek k tomuto záznamu!
|
MARC
| LEADER | 00000cam a2200000 a 4500 | ||
|---|---|---|---|
| 001 | UCY0112 | ||
| 003 | CL-VaPUC | ||
| 008 | 940713e19690000CL |||||||||||||||||spa|d | ||
| 082 | 0 | 4 | |a 236.9 |b LAC |2 21 |
| 100 | |a Lacunza y Díaz, Manuel |e author |q Ben-Ezra, Juan Josafat |9 859836 | ||
| 245 | 1 | 3 | |a La venida del Mesías en gloria y majestad |
| 300 | |a 167 p | ||
| 942 | |c BK | ||
| 945 | |d 19940713 00:00:00 |a oaravena | ||
| 260 | |a Santiago |b Universitaria |c 1969 | ||
| 650 | 7 | |a SEGUNDO ADVENIMIENTO |2 CL-VaPUC |9 265637 | |
| 650 | 0 | |a Vida futura |9 267322 | |
| 650 | 7 | |a MESIAS PROFESIAS |2 CL-VaPUC |9 265638 | |
| 583 | |a last modification |c 20130627 04:34:54 |k Rodrigo Vera | ||
| 490 | 0 | |a Colección Escritores Coloniales de Chile, 4 | |
| 999 | |c 229197 |d 229195 | ||
| 952 | |0 0 |1 0 |4 0 |6 236_900000000000000_LAC_1969 |7 0 |8 A |9 230007 |a BIBART |b BIBART |d 2019-11-15 |i 2991047 |o 236.9 LAC 1969 |p 2991047 |r 2025-03-13 |w 2019-11-15 |y BK |k ART | ||
| 952 | |0 0 |1 0 |4 0 |6 236_900000000000000_LAC_1969 |7 0 |8 A |9 230008 |a BIBHIS |b BIBHIS |d 2019-11-15 |i 1331841 |o 236.9 LAC 1969 |p 1331841 |r 2025-01-20 |w 2019-11-15 |y BK |k HIS | ||
| 952 | |0 0 |1 0 |4 0 |6 236_900000000000000_LAC_1969 |7 0 |8 A |9 230009 |a BIBHIS |b BIBHIS |d 2019-11-15 |i 4450078 |o 236.9 LAC 1969 |p 4450078 |r 2025-01-20 |w 2019-11-15 |y BK |k HIS | ||
| 952 | |0 0 |1 0 |4 0 |6 236_900000000000000_LAC_1969 |7 0 |8 A |9 230010 |a BIBART |b BIBART |d 2019-11-15 |i 4984935 |o 236.9 LAC 1969 |p 4984935 |r 2025-03-13 |w 2019-11-15 |y BK |k ART | ||
| 952 | |0 0 |1 0 |3 erb |4 0 |6 236_900000000000000_LAC_1969 |7 0 |8 A |9 230011 |a BIBART |b BIBART |i 5039819 |o 236.9 LAC 1969 |p 5039819 |r 2025-03-13 |w 2019-11-15 |y BK |z Catalogado en:20141016 |k ART | ||